Modern Engineering for Design of Liquid -Propellant Rocket Engines / (Record no. 559967)
[ view plain ]
| 000 -LEADER | |
|---|---|
| fixed length control field | 00452nam a2200133Ia 4500 |
| 008 - FIXED-LENGTH DATA ELEMENTS--GENERAL INFORMATION | |
| fixed length control field | 210428s9999 xx 000 0 und d |
| 020 ## - INTERNATIONAL STANDARD BOOK NUMBER | |
| International Standard Book Number | 1-56347-013-6 |
| 082 ## - DEWEY DECIMAL CLASSIFICATION NUMBER | |
| Classification number | 660.04 A498 M |
| 100 ## - MAIN ENTRY--PERSONAL NAME | |
| Personal name | Dieter K.Huzel, David H. Huang |
| 9 (RLIN) | 127627 |
| 245 #0 - TITLE STATEMENT | |
| Title | Modern Engineering for Design of Liquid -Propellant Rocket Engines / |
| Statement of responsibility, etc. | Dieter K.Huzel, David H. Huang |
| 260 ## - PUBLICATION, DISTRIBUTION, ETC. | |
| Name of publisher, distributor, etc. | American Institute of Aeronautics |
| Place of publication, distribution, etc. | Amercia |
| Date of publication, distribution, etc. | 1992 |
| 300 ## - PHYSICAL DESCRIPTION | |
| Extent | 431p |
| 942 ## - ADDED ENTRY ELEMENTS (KOHA) | |
| Koha item type | Book |
| Source of classification or shelving scheme | |
| Withdrawn status | Lost status | Damaged status | Not for loan | Permanent Location | Current Location | Date acquired | Total Checkouts | Full call number | Barcode | Date last seen | Price effective from | Koha item type |
|---|---|---|---|---|---|---|---|---|---|---|---|---|
| School of Chemical & Materials Engineering (SCME) | School of Chemical & Materials Engineering (SCME) | 08/11/7 | 660.04 A498 M | SCME-117 | 04/28/2021 | 04/28/2021 | Book |
